[Event "Pula zt 1.2"]
[Site "Pula"]
[Date "2000.04.11"]
[Round "1"]
[White "Weinzettl, Ernst"]
[Black "Mitkov, Nikola"]
[Result "1/2-1/2"]
[WhiteElo "2402"]
[BlackElo "2547"]
[Annotator "Mikhalevski,V"]
[PlyCount "97"]
[EventDate "2000.04.11"]
[EventType "swiss"]
[EventRounds "11"]
[EventCountry "CRO"]
[SourceTitle "CBM 077"]
[Source "ChessBase"]
[SourceDate "2000.07.27"]
[SourceVersion "1"]
[SourceVersionDate "2000.07.27"]
[SourceQuality "1"]

1. e4 e5 2. Nf3 Nc6 3. Nc3 Nf6 4. d4 exd4 5. Nxd4 Bb4 6. Nxc6 bxc6 7. Qd4 {
This sharp line which is a rare guest in the modern practice was very popular
at the end of 19-th century.Such players as Paulsen, Zukertort,Chigorin,
Tarrash were involved in the developing of its theory.} Qe7 8. f3 d5 (8... Bc5
$5 {seems to be better.} 9. Qd3 Rb8 $5 {[%csl Rb2]} 10. Na4 Bb4+ 11. c3 Bd6 12.
Be3 O-O 13. O-O-O Re8 14. Qc2 Nd5 15. Bxa7 Ra8 16. exd5 Rxa7 17. dxc6 dxc6 {
[%csl Ra4]} 18. Bc4 Qg5+ 19. Kb1 Bf5 20. Bd3 Bxd3 21. Rxd3 Qb5 22. Rd4 Rea8 {
[%csl Ra4] 0-1 Bondarevsky,I-Smyslov,V/Moscow 1945/HCL (22)}) 9. Bd2 ({In
those distant times white prefered} 9. Bg5 {and the main line went} c5 10. Bb5+
Kf8 11. Qd3 (11. Qd2) ({and} 11. Qf2 {were also tried with not much success.})
11... dxe4 (11... d4 12. O-O-O Bb7 (12... dxc3 $2 13. Qd8+) 13. Nd5 Bxd5 14.
exd5 Qe5 15. f4 Qxd5 16. c3 Ba5 17. Bxf6 gxf6 18. Bc4 Qd6 19. Qf5 Bb6 20. Rhe1
Re8 $4 21. Rxe8+ {1-0 Von Scheve,T-Fritz,A/Frankfurt 1887/HCL (21)}) (11... Rb8
) 12. fxe4 Qxe4+ (12... Bxc3+ 13. bxc3 Bb7 14. O-O Qxe4 15. Qh3 Qg4 16. Qxg4
Nxg4 17. Rae1 Bd5 18. h3 Nh6 19. Be7+ Kg8 20. Bxc5 c6 21. c4 Be6 22. Bxc6 Rc8
23. Rxe6 fxe6 24. Bd7 Rxc5 25. Bxe6+ Nf7 26. Rxf7 Re5 27. Rf6+ Rxe6 28. Rxe6
$18 {1-0 Golmayo Zupide,C-Blackburne,J/Havana 1891/EXT 98 (48)}) 13. Qxe4 Nxe4
(13... Bxc3+ 14. bxc3 Nxe4 15. Bc6 Nxg5 16. Bxa8 g6 (16... Ke7 17. O-O-O Be6
18. Bc6 f6 19. Rhe1 Nf7 20. Rd7+ {1-0 Loewy,L-Heilmann,E/Barmen 1905/EXT 99 
(20)}) 17. Rb1 Kg7 18. Rb8 Re8+ 19. Kd2 Ne6 20. Kc1 c4 21. Re1 Rd8 $2 22. Rxe6
fxe6 23. Bb7 $18 {1-0 Paulsen,L-Chigorin,M/Vienna 1882/EXT 99/ (30)}) 14. O-O-O
$1 (14. Bc6 Nxc3 15. Bxa8 Ne4+ 16. c3 Bxc3+ (16... Nxg5 17. cxb4 cxb4 18. Rc1
Ne6 19. Bd5) 17. bxc3 Nxg5 18. Rb1 Ke7 19. Rb8 Rd8 $14) 14... Bb7 (14... Nd6)
15. Nxe4 Bxe4 16. c3 Ba5 17. Rhe1 Bxg2 18. Rd7 ({I think White wins by force
after} 18. Be7+ $1 Kg8 19. Bd8 $1 {[%cal Ge1e8]} h6 (19... g6 20. Bf6 $16 {
[%csl Rh8]}) (19... h5 20. Re8+ Kh7 21. Bd3+ g6 22. Bxg6+ $3 Kg7 (22... fxg6
23. Rd7+ Kh6 24. Rxh8#) 23. Rxh8 Kxh8 24. Bf6+ Kg8 25. Bf5 $1 $18 {[%csl Rg8]})
20. Re8+ Kh7 21. Bd3+ g6 22. Bxg6+ $3 Kg7 (22... fxg6 23. Rd7#) (22... Kxg6 23.
Rxh8 Kg7 24. Re8) 23. Rxh8 Kxh8 24. Bf6+ Kg8 25. Bf5 $18 {[%csl Rg8][%cal
Gd1g1]}) 18... Bh3 19. Rde7 Be6 20. Bd7 h6 21. Bxe6 fxe6 22. Rf1+ Kg8 23. Rff7
Rh7 24. Bf6 Rf8 25. Rxg7+ Rxg7 26. Rxg7+ Kh8 27. Rf7+ Kg8 28. Rg7+ Kh8 {
1/2-1/2 Paulsen,W-Von Minckwitz,J/Hamburg 1885/HCL (28)}) 9... O-O 10. O-O-O c5
11. Qf2 dxe4 12. a3 $5 $146 {[%mdl 8]} (12. Re1 Be6 (12... Bb7 13. Bd3 Bxc3 14.
Bxc3 Rae8 15. Qh4 Nd5 16. Rxe4 Qxh4 17. Rxh4 $16 {Schallopp,E-Berger,J/Hamburg
1885/HCL/1-0 (80)}) 13. fxe4 Rad8 14. a3 Ng4 15. Qg3 Rxd2 $1 16. axb4 Qg5 17.
Kb1 cxb4 $17 {0-1 Jackson,E-Levin,J/Ventnor City 1944/HCL (26)}) 12... Bxc3 13.
Bxc3 e3 (13... Rb8) 14. Qg3 $1 (14. Bxf6 $143 gxf6 (14... Qxf6 15. Qxe3 Rb8 16.
Qc3 Qxc3 17. bxc3 $11) 15. Re1 Re8 (15... exf2 16. Rxe7 {[%csl Rc5,Rc7,Rf2]})
16. Qg3+ Kh8 17. Bb5 Bd7 18. Bxd7 Qxd7 19. Re2 Rab8 $1 20. Rhe1 Qd4 21. c3 Qc4
$1 22. Qg4 $1 (22. Rxe3 Rxe3 23. Rxe3 Qa2 {[%csl Rb2,Rc1]}) 22... Qa2 23. Qf5
$1 Re6 24. Qb1 Qxb1+ 25. Kxb1 Rbe8 $15) 14... Bf5 {[%cal Ge3e2]} (14... Qe6 {
[%cal Ge6a2]} 15. Kb1 (15. b3 Ba6 $1 $17) (15. Bc4 Qxc4 16. Bxf6 g6 {[%cal
Gc4a2]} 17. b3 Qe6) 15... Bb7 16. Bc4 Qxc4 17. Bxf6 g6 18. Rhe1 Rfe8 19. Qxc7
$14 {[%csl Rg8]}) (14... Rb8 15. Rd5 $1 {[%cal Gd5g5,Gd5e5]} Re8 (15... e2 $2
16. Bxe2) 16. Rg5 g6 (16... e2 $2 17. Rxg7+ Kh8 18. Bxe2 $18) 17. Bc4 {[%cal
Gg5g6]} Be6 18. Re5 Qd6 19. Rd1 Qc6 20. Bxe6 Rxe6 21. Qg5 $1 $16 {[%csl Rf6,
Rg8] /+/=}) 15. Qg5 ({Stronger was} 15. Rd5 $1 {[%csl Rg7]} Bg6 $1 (15... Qe6
16. Bc4 (16. Re5 $2 Qa2 {[%csl Rc1]}) 16... Bg6 17. Rxc5 Qd6 (17... Qb6 18.
Qxc7) 18. Rxc7 $16) 16. Re5 Qd6 17. Bc4 {[%cal Gh1d1,Ge5e3]} Rfe8 18. Rd1 Qc6
19. Re1 $5 $14 (19. Qf4 Rxe5 20. Bxe5 Re8 $1 21. Qxe3 Nd7 22. Bd5 Qa4 23. Bb3
$11)) 15... Qe6 $6 {Allows White getting a better endgame.} ({Black could keep
all his pawns with} 15... Bg6 $142 $1 16. Re1 Rae8 17. Bb5 $140 h6 $1 18. Qg3 (
18. Qf4 Nd5 19. Qc4 Rd8 $1 $17) 18... Nd5 $1 19. Bxe8 Nxc3 $17 {with strong
attack}) 16. Bxf6 Qxf6 17. Qxf6 gxf6 18. Rd5 {[%csl Rc5,Rf5][%mdl 16]} Bg6 19.
Rxc5 Rfe8 20. Be2 Re7 21. Rd1 $14 {[%csl Ra7,Rc7,Re3,Rf6,Rf7,Rh7] All black
pawns are weak while White has no weaknesses at all.} Rb8 22. b4 {Now it's
time for White to strengthen his position on both sides while Black has to
wait patienly.} (22. h4 $5 h6 23. b4) 22... Kg7 23. Rd4 Rb6 24. h4 h5 25. Kd1
Rbe6 {[%cal Ge6e5]} 26. f4 {[%csl Ge5]} Re4 27. Rxe4 Bxe4 28. g3 Rd7+ 29. Ke1
f5 30. Bb5 (30. Rc3 $16 {[%csl Re3][%cal Ge2d1] was sufficient for a big
advantage.}) 30... c6 (30... Rd2 $142 {[%cal Ge4f3]} 31. Rc3 Rg2 32. Rxe3 Rxc2)
31. Be2 $2 ({Much better} 31. Bxc6 Rd2 $5 (31... Bxc6 32. Rxc6 Rd2 33. c4 $18 {
[%cal Gc6a6,Gc4c5]}) 32. Bxe4 fxe4 33. c4 $18 {with good chances to win.})
31... Rd2 32. Rc3 Kh6 33. Rxe3 $6 (33. Bd1 $142 Rh2 34. Rxe3 Bxc2 35. Bf3 $16 {
[%csl Rc6]}) 33... Rxc2 34. g4 $2 {Following comedy of mistakes probably was
called by mutual time-trouble.} (34. Bd3 $142 Bxd3 (34... Rc3 $2 35. Kd2 Rxa3
36. Bxe4 Rxe3 37. Kxe3 fxe4 38. Kxe4 $18) 35. Rxd3 $14) 34... Rc1+ $2 (34...
hxg4 $142 35. Bxg4 fxg4 36. Rxe4 Kh5 $17 {[%csl Re1][%cal Gg4g3,Gh5g4]}) 35.
Kf2 $6 (35. Kd2 $142) 35... Rh1 (35... hxg4 $142 36. Bxg4 fxg4 37. Rxe4 Kh5)
36. g5+ (36. gxh5 $142) 36... Kg7 (36... Kg6 37. Kg3 Rg1+ $11) 37. Bf3 $2 (37.
Bxh5 Rxh4 38. Be2 Rxf4+ $140 $4 39. Kg3) 37... Bxf3 38. Rxf3 Rxh4 $15 {
Suddenly Black gets advantage.} 39. Ke3 f6 40. gxf6+ Kxf6 41. Kd4 {[%csl Rc6]
[%cal Gd4c5]} Ke6 (41... Rg4 $142 42. Kc5 h4) 42. Kc5 Kd7 43. a4 Kc7 44. Rg3 (
44. Re3 $142) 44... Rxf4 (44... Rg4 $142) 45. Rg7+ {Now activity of White's
king fully compensate a loss of two pawns.} Kb8 46. a5 (46. Rg8+ Kb7 47. Rg7+
Kb8 $11) (46. Kxc6 $143 Rc4+ 47. Kb5 Rc8 $15) 46... Rf1 47. Rf7 Rc1+ 48. Kd6 {
[%cal Ga5a6]} a6 49. Rxf5 {Awful play at the endgame came to a happy and
deserved end.} (49. Rxf5 h4 50. Rf8+ Kb7 51. Rf7+ $11) (49. Rf8+ Kb7 50. Rf7+
Kb8 $11) 1/2-1/2

[Event "ROM-ch"]
[Site "Iasi"]
[Date "1999.12.27"]
[Round "15"]
[White "Ardeleanu, Alin"]
[Black "Vajda, Levente"]
[Result "1-0"]
[WhiteElo "2409"]
[BlackElo "2483"]
[Annotator "Mikhalevski,V"]
[PlyCount "53"]
[EventDate "1999.12.13"]
[EventType "tourn"]
[EventRounds "15"]
[EventCountry "ROU"]
[EventCategory "9"]
[SourceTitle "CBM 075"]
[Source "ChessBase"]
[SourceDate "2000.04.05"]
[SourceVersion "1"]
[SourceVersionDate "2000.04.05"]
[SourceQuality "1"]

1. e4 e5 2. Nf3 Nc6 3. Nc3 Nf6 4. d4 exd4 5. Nxd4 Bb4 6. Nxc6 bxc6 7. Bd3 d5 8.
exd5 cxd5 9. O-O O-O 10. Bg5 c6 11. Qf3 Be7 12. Rae1 h6 $5 {Looks very
dangerous,but in fact 13.B:h6 leads only to a draw.The only defect of the move
is a permanent possibility of the perpetual check.Is this so bad?!} ({Other
possibilities are} 12... Be6) ({and} 12... Re8) 13. Bxh6 {White also used to
retreat.Maybe that's the only way to fight for an advantage.} gxh6 ({Of course
not} 13... d4 $2 14. Ne4 $1 $18 Nh7 (14... gxh6 15. Nxf6+ Bxf6 16. Qe4 {
[%cal Re4h7]} Re8 17. Qxe8+ $18) 15. Qg3 Bf6 16. Nxf6+ Qxf6 17. Bf4 c5 18. Bd6
{1-0 Euwe,M-Udovcic,M/Zuerich 1952/EXT 99 (18)}) 14. Qe3 {This is obviously
the key position of 12...h6.Allowing the sacrifice on h6 Black should know the
defence.It wasn't the case this time and White wins without big efforts.} Re8
$2 {[%mdl 8192] The only and decisive mistake.Almost all possible moves were
already tried on practice,but only 14...d4! saves Black.} (14... Rb8 $2 15.
Qxh6 Bd6 $8 (15... Ne4 $2 16. Nxe4 f5 17. Re3 Kf7 18. Qh5+ Ke6 19. Ng5+ Kd7 20.
Nf7 Qb6 21. Qg5 Ke8 22. Rxe7# {1-0 Ivanov,V-Feoktistov,A/Moscow 1996/CBM 56
ext (22)}) 16. Re3 {[%cal Ge3f3]} Bg4 17. Rfe1 $1 {[%cal Ge3e5] with the
mortal threat of Re5} Rxb2 (17... d4 18. Re5 Bxe5 19. Rxe5 $18 {[%cal Re5g5]})
(17... Rb4 18. Re5 Bxe5 19. Rxe5 Bf5 20. Rxf5 Rg4 21. Rh5 $1 {and mate in two})
18. Re5 Bxe5 19. Rxe5 Ne4 20. Bxe4 f5 (20... dxe4 21. Rg5+ Qxg5 22. Qxg5+ Kh7
23. Qh4+ $18) 21. Re6 $1 $18) (14... Kg7 $2 15. Qxe7 Qxe7 16. Rxe7 $16 {
0-1 Brito,A-Lobron,E/Gran Canaria 1996/EXT 97 (54)}) (14... d4 $1 {[].Black
must take under control the key e3 square as soon as possible to prevent Re3.}
15. Qxh6 Qd6 $1 {[].Again the only move.Now White has nothing better than
perpetual check.Here are all possible attempts to win:} 16. Qg5+ Kh8 17. Qh6+ (
17. Re5 Ng4 $1 18. Qxe7 (18. Qh5+ Qh6 19. Qxh6+ Nxh6 20. Rxe7 dxc3 $15) 18...
Qxe7 19. Rxe7 dxc3 $15) (17. Rxe7 Qxe7 18. Ne4 $140 Ng8 (18... Nd5 19. Qh6+ Kg8
20. Nf6+ $1 $11) 19. Qh5+ Kg7 20. Nf6 $1 Nxf6 21. Qg5+ Kh8 22. Qh6+ $11) (17.
Qh4+ Kg7 18. Ne4 $2 (18. Qg5+ $142 $11) 18... Nxe4 19. Qxe4 Rh8 $1) (17. f4 {
See 17.Qh6 Kg8 18.Qg5 Kh8 19.f4}) 17... Kg8 18. Qg5+ Kh8 19. f4 (19. Qh4+ Kg7 {
1/2-1/2 Alexander,C-O'Kelly de Galway,A/Amsterdam 1954/MCD (19)}) (19. Qh6+ Kg8
20. Re3 dxe3 21. Qg5+ Kh8 22. Qh4+ Kg7 23. Qg5+ Kh8 24. Qh6+ Kg8 {1/2-1/2
Pilnik,H-Garcia Vera,R/Mar del Plata 1944/HCL (24)}) 19... dxc3 $1 $11 {
and White has nothing better than perpetual check.} (19... Nh7 20. Qh5 f5 21.
Ne4 Qd8 22. Rf3 Qe8 23. Qxe8 Rxe8 24. Nd6 Bd7 25. Nxe8 Rxe8 26. Re5 $16 {
1-0 Andres,M-Pujols,C/Havana 1994/EXT 97 (41)})) (14... Be6 $2 15. Qxh6 Bd6 16.
Qg5+ Kh8 17. f4 Re8 18. Rf3 Ng8 19. Qh5+ Kg7 20. Rg3+ Kf8 21. Rxg8+ $1 Kxg8 22.
Qh7+ Kf8 23. Qh6+ $1 Kg8 (23... Ke7 24. Rxe6+ $1 fxe6 25. Qg7#) 24. Bh7+ Kh8
25. Bf5+ $1 Kg8 26. Qh7+ Kf8 27. Qh8+ Ke7 28. Rxe6+ {[%cal Gh8g7] 1-0
Rublevsky,S-Novik,M/Sochi 1990/TD (28)} (28. Rxe6+ fxe6 29. Qg7#)) (14... Bd6
$2 15. Qxh6 {It's rathert unusual,but Black can't defend against the plan Re3(/
\Rf3) and after the only Bg4- Rfe1 following up by Re5!} Rb8 (15... Bg4 16. Re3
{[%csl Rg8][%cal Gf1e1,Ge3e5]} d4 $140 17. Ne4 $1 $18) 16. Re3 {[%cal Ge3f3]}
Rb4 (16... Bg4 17. Rfe1 $1 $18 {[%cal Ge3e5] see 14...Rab8}) 17. Qg5+ Kh8 18.
Qh6+ Kg8 19. Rf3 Ne4 20. Bxe4 dxe4 21. Rf6 $1 $18 {[%cal Gh6g5]} Bxh2+ 22. Kxh2
Re8 23. Rh1 e3 24. Kg3 $1 {1-0 Andres,M-Garcia Gonzales,G/Camaguey 1987/EXT 97
(24)}) (14... Qd6 $2 15. Qxe7 $16 {1-0 Drewitt,J-Spencer,E/Weston 1924/EXT 99 
(31)}) 15. Qxh6 {[%cal Ge1e5,Ge5g5] The threat of Re5 leaves not much choice.
Black should take the e5-square under control.At his disposal only two ways to
do so:} Qd6 ({Or} 15... Qc7 16. Re3 Bg4 17. Rg3 $1 {[%cal Gg3g4,Gd3h7]} (17. h3
d4 18. Rg3 Qe5 19. f4 Qe6 20. Rxg4+ Qxg4 21. hxg4 $18 {1-0 Miyasaki,Y-Tarazi,A/
Siegen 1970/MCD (35)}) 17... Qe5 ({After} 17... Qd7 {White wins similar to the
game:} 18. h3 {[%cal Gg3g4]} Bd6 19. Bh7+ $1 Nxh7 20. Rxg4+ Qxg4 21. hxg4 $18)
18. Nd1 $1 {[%cal Gd1e3]} Qh5 (18... d4 19. f4 Qe6 $140 (19... Qh5 20. Qxh5
Nxh5 21. Rxg4+ $18) 20. Nf2 Bf8 21. Qg5+ Bg7 22. Nxg4 $18) (18... Bc5 19. Ne3
Bxe3 20. fxe3 $1 $18) 19. Qxh5 Nxh5 20. Rxg4+ $18) (15... Bf8 16. Rxe8 $1 Qxe8
17. Qxf6 $18) (15... Bd6 16. Rxe8+ Qxe8 17. Qxf6 $18) 16. Qg5+ (16. Re3 $5)
16... Kf8 17. Qh6+ Kg8 18. Re3 Bg4 $8 19. Qg5+ (19. Rg3 $5) 19... Kf8 20. Qh6+
Kg8 21. Rg3 {[%cal Gg3g4] Black is helpless.} Qe6 ({Or} 21... Qe5 22. Nd1 $1
$18 {[%cal Gd1e3] see 15...Qc716.Re3 Bg4 17.Rg3 Qe5}) (21... Qb4 22. h3 {
[%cal Gg3g4]} Bd6 23. Bh7+ $1) 22. h3 Bd6 (22... Bf8 {was better,but certainly
couldn't save:} 23. Qh4 Bg7 (23... Bd6 24. Re3 $1 Be5 25. Rfe1 Nd7 26. hxg4 d4
27. Qh7+ Kf8 28. Rxe5 Nxe5 29. Qh8+ Ke7 30. Qxe5 $18) 24. hxg4 $18) 23. Bh7+ $1
$18 {[%mdl 64]} Nxh7 (23... Kh8 24. Bf5+ $18 {[%csl Re6]}) 24. Rxg4+ Qxg4 25.
hxg4 Re6 26. Qd2 Rb8 27. g3 {Probably 27.b3 was played in the game.Anyway
White's position is won.So Black resigned.} 1-0